USMLE: Step 1 (Record no. 343)

000 -LEADER
fixed length control field 00725nam a22002417a 4500
005 - DATE AND TIME OF LATEST TRANSACTION
control field 20210419091145.0
008 - FIXED-LENGTH DATA ELEMENTS--GENERAL INFORMATION
fixed length control field 201110s2018 ||||| |||| 00| 0 eng d
020 ## - INTERNATIONAL STANDARD BOOK NUMBER
International Standard Book Number 9781506228273
040 ## - CATALOGING SOURCE
Original cataloging agency eng
Transcribing agency DLC
041 ## - LANGUAGE CODE
Language code of text/sound track or separate title eng
080 ## - UNIVERSAL DECIMAL CLASSIFICATION NUMBER
Universal Decimal Classification number 577.1
Item number K-20
100 ## - MAIN ENTRY--PERSONAL NAME
9 (RLIN) 70
Personal name Sam Turco
245 ## - TITLE STATEMENT
Title USMLE: Step 1
Remainder of title : Lecture Notes 2018, Biochemistry and Medical Genetics
Statement of responsibility, etc. / by Kaplan Medical : Edited by Sam Turco PhD,
260 ## - PUBLICATION, DISTRIBUTION, ETC.
Place of publication, distribution, etc. New York
Name of publisher, distributor, etc. Kaplan Medical
Date of publication, distribution, etc. 2018
300 ## - PHYSICAL DESCRIPTION
Extent 423 pages
Other physical details ill
650 #0 - SUBJECT ADDED ENTRY--TOPICAL TERM
9 (RLIN) 71
Topical term or geographic name entry element Biochemistry
650 #0 - SUBJECT ADDED ENTRY--TOPICAL TERM
9 (RLIN) 72
Topical term or geographic name entry element USMLE STEP 1
653 ## - INDEX TERM--UNCONTROLLED
Uncontrolled term ბიოქიმია
700 ## - ADDED ENTRY--PERSONAL NAME
9 (RLIN) 16
Personal name Turco, Sam, PhD
710 ## - ADDED ENTRY--CORPORATE NAME
9 (RLIN) 17
Corporate name or jurisdiction name as entry element Lane, Roger PhD
711 ## - ADDED ENTRY--MEETING NAME
9 (RLIN) 18
Meeting name or jurisdiction name as entry element Harden, M. Ryan MD, MS
942 ## - ADDED ENTRY ELEMENTS (KOHA)
Source of classification or shelving scheme
Koha item type Books
Holdings
Withdrawn status Lost status Source of classification or shelving scheme Damaged status Not for loan Permanent location Current location Date acquired Inventory number Total Checkouts Full call number Barcode Date last seen Date last checked out Price effective from Koha item type
          Ken Walker International University Ken Walker International University 11/21/2020 1144 1 577.1 K-20 1144 06/27/2024 07/07/2023 11/21/2020 Books
          Ken Walker International University Ken Walker International University 11/21/2020 1143 2 577.1 K-20 1143 03/27/2026 03/27/2026 11/21/2020 Books

Powered by Koha